Bridging the Data Islands Through Autonomous Ontology Creation in Crime Cloud (Record no. 219416)
[ view plain ]
| 000 -LEADER | |
|---|---|
| fixed length control field | 00420 a2200157 4500 |
| 003 - CONTROL NUMBER IDENTIFIER | |
| control field | Nust |
| 005 - DATE AND TIME OF LATEST TRANSACTION | |
| control field | 20170207171856.0 |
| 040 ## - CATALOGING SOURCE | |
| Transcribing agency | Nust |
| 082 ## - DEWEY DECIMAL CLASSIFICATION NUMBER | |
| Classification number | 005.1 |
| 100 ## - MAIN ENTRY--PERSONAL NAME | |
| Personal name | Masood, Mina (MSCS-19) |
| 245 ## - TITLE STATEMENT | |
| Title | Bridging the Data Islands Through Autonomous Ontology Creation in Crime Cloud |
| Statement of responsibility, etc. | Mina Masood |
| 260 ## - PUBLICATION, DISTRIBUTION, ETC. | |
| Place of publication, distribution, etc. | Rawalpindi |
| Name of publisher, distributor, etc. | MCS,NUST |
| Date of publication, distribution, etc. | August 2016 |
| 300 ## - PHYSICAL DESCRIPTION | |
| Extent | x, 78 p |
| 650 ## - SUBJECT ADDED ENTRY--TOPICAL TERM | |
| Topical term or geographic name entry element | PG Thesis MSCS |
| 651 ## - SUBJECT ADDED ENTRY--GEOGRAPHIC NAME | |
| Geographic name | MSCS-19 |
| 942 ## - ADDED ENTRY ELEMENTS (KOHA) | |
| Koha item type | |
| Withdrawn status | Lost status | Source of classification or shelving scheme | Damaged status | Not for loan | Collection code | Permanent Location | Current Location | Date acquired | Total Checkouts | Full call number | Barcode | Date last seen | Price effective from | Koha item type | Shelving location |
|---|---|---|---|---|---|---|---|---|---|---|---|---|---|---|---|
| Central Library (CL) | Central Library (CL) | 09/25/2019 | 005.1 | CL-T-1493 | 09/25/2019 | 09/25/2019 | Thesis | Thesis | |||||||
| Central Library (CL) | Central Library (CL) | 11/19/2020 | 004 | CL-T-1468 | 11/19/2020 | 11/19/2020 | Thesis | ||||||||
| Military College of Signals (MCS) | Military College of Signals (MCS) | 12/12/2016 | 005.1 MAS | MCSTCS-381 | 12/08/2016 | 12/12/2016 | Book |
